00597cam a22001814a 4500008004100000020002200041100005000063245004400113260004400157300003300201440005900234500002000293504004100313650003400354003000100388005001700389040000900406  a1852334266 (pbk.)1 aWoodhouse, N. M. J.q(Nicholas Michael John).10aSpecial relativity /cN.M.J. Woodhouse. aLondon ;aNew York :bSpringer,cc2003. aix, 191 p. :bill. ;c24 cm. 0aSpringer undergraduate mathematics series,x1615-2085. aIncludes index. aIncludes bibliographical references. 0aSpecial relativity (Physics).20230123141054.0 cNUST